000 01004nam a2200265Ia 4500
003 OSt
005 20220923213010.0
006 a|||||r|||| 00| 0
007 ta
008 220922b |||||||| |||| 00| 0 hin d
024 _a158,199
037 _cTextual
040 _aARTS
_cARTS
_bhin
041 _2hin
_ahin
082 _aO152,1(Delta251):g, M9
100 _aश्रीवास्तव, आशा
245 0 _aहिन्दी साहित्य में निर्गुणोपासिका कवयित्रियॉ
246 _aHindī sāhitya mean nirguṇopāsikā kavayitriyaॉ
260 _aउत्तर प्रदेश
_b अशू प्रकाशन
_c1989
300 _a197 पृ.
_ccm.
650 _a हिन्दी साहित्य
_9156264
650 _aहिन्दी कविता
942 _hO152,1(Delta251):g, M9
_cTEXL
_2CC
999 _c313016
_d313016